Từ điển Việt - Pháp Khoảng 140.000 từ
v.v...
Đã lưu trong:
| Tác giả chính: | |
|---|---|
| Định dạng: | Sách |
| Năm xuất bản: |
H.
Văn hóa - Thông tin
2001
|
| Chủ đề: | |
| Tags: |
Thêm thẻ
Không có thẻ, Hãy là người đầu tiên gắn thẻ bản ghi này!
|
| LEADER | 00764nam a2200193 4500 | ||
|---|---|---|---|
| 082 | |a 443 |b L250PH | ||
| 100 | |a Lê Phương Thanh | ||
| 245 | |a Từ điển Việt - Pháp |c Lê Phương Thanh |b Khoảng 140.000 từ | ||
| 260 | |a H. |b Văn hóa - Thông tin |c 2001 | ||
| 300 | |a 1410 tr. |c 18 cm. | ||
| 520 | |a v.v... | ||
| 653 | |a Ngôn ngữ | ||
| 653 | |a Tiếng Việt | ||
| 653 | |a Tiếng Pháp | ||
| 653 | |a Từ điển | ||
| 942 | |2 ddc |c STK0 | ||
| 999 | |c 3893 |d 3893 | ||
| 952 | |0 0 |1 0 |2 ddc |4 0 |6 443_000000000000000_L250PH |7 1 |8 400 |9 39477 |a qbu |b qbu |c D4 |d 2014-12-17 |g 40000 |o 443 L250PH |p 3064.c1 |r 0000-00-00 |w 2014-12-17 |y STK0 | ||
| 952 | |0 0 |1 0 |2 ddc |4 0 |6 443_000000000000000_L250PH |7 0 |8 400 |9 39478 |a qbu |b qbu |c D4 |d 2014-12-17 |g 40000 |o 443 L250PH |p 3064.c2 |r 0000-00-00 |w 2014-12-17 |y STK0 | ||